<?xml version="1.0" encoding="UTF-8"?>
<record
    xmlns:xsi="http://www.w3.org/2001/XMLSchema-instance"
    xsi:schemaLocation="http://www.loc.gov/MARC21/slim http://www.loc.gov/standards/marcxml/schema/MARC21slim.xsd"
    xmlns="http://www.loc.gov/MARC21/slim">

  <leader>03051nam a2200337 a 4500</leader>
  <controlfield tag="003">OSt</controlfield>
  <controlfield tag="005">20250423135952.0</controlfield>
  <controlfield tag="007">cr ||||||a|c|a</controlfield>
  <controlfield tag="008">250225s2024    mx a|||fom||| 001 0 spa d</controlfield>
  <datafield tag="040" ind1=" " ind2=" ">
    <subfield code="e">rda</subfield>
  </datafield>
  <datafield tag="100" ind1="1" ind2=" ">
    <subfield code="a">Vivanco Casta&#xF1;eda, Luis Felipe</subfield>
    <subfield code="9">190171</subfield>
  </datafield>
  <datafield tag="245" ind1="1" ind2="0">
    <subfield code="a">Efectividad de fungicidas org&#xE1;nicos para el manejo de la pudrici&#xF3;n caf&#xE9; en durazno (Prunus persica) en Acajete, Puebla /</subfield>
    <subfield code="c">por Luis Felipe Vivanco Casta&#xF1;eda; director de tesis Santos Gerardo Leyva Mir; secretario Isabel Nativitas Lima; vocal Moises Camacho Tapia; suplente Calixto Leopoldo Carrillo Fonseca; suplente Juventino Cuevas Ojeda.</subfield>
  </datafield>
  <datafield tag="264" ind1=" " ind2="1">
    <subfield code="a">Chapingo, M&#xE9;xico :</subfield>
    <subfield code="b">El autor,</subfield>
    <subfield code="c">2024.</subfield>
  </datafield>
  <datafield tag="300" ind1=" " ind2=" ">
    <subfield code="a">1 recurso en l&#xED;nea (41 p&#xE1;ginas);</subfield>
    <subfield code="b">figuras.</subfield>
  </datafield>
  <datafield tag="336" ind1=" " ind2=" ">
    <subfield code="2">rdacontent</subfield>
    <subfield code="a">texto</subfield>
    <subfield code="b">txt</subfield>
  </datafield>
  <datafield tag="337" ind1=" " ind2=" ">
    <subfield code="2">rdamedia</subfield>
    <subfield code="a">computadora</subfield>
    <subfield code="b">c</subfield>
  </datafield>
  <datafield tag="338" ind1=" " ind2=" ">
    <subfield code="2">rdacarrier</subfield>
    <subfield code="a">recurso en l&#xED;nea</subfield>
    <subfield code="b">cr</subfield>
  </datafield>
  <datafield tag="502" ind1=" " ind2=" ">
    <subfield code="b">IAEPA</subfield>
    <subfield code="c">Parasitolog&#xED;a</subfield>
    <subfield code="d">2024.</subfield>
    <subfield code="g">LIC</subfield>
  </datafield>
  <datafield tag="504" ind1=" " ind2=" ">
    <subfield code="a">Incluye referencias bibliogr&#xE1;ficas: p&#xE1;ginas 41.</subfield>
  </datafield>
  <datafield tag="520" ind1=" " ind2=" ">
    <subfield code="a">Monilinia fructicola, causa la mancha caf&#xE9; o pudrici&#xF3;n caf&#xE9; en durazno; es un hongo que afecta a una amplia variedad de frutas, incluyendo duraznos, ciruelas, cerezas y almendras. En M&#xE9;xico, este hongo es de gran importancia debido a los da&#xF1;os que causa en los cultivos de frutas, lo que puede resultar en p&#xE9;rdidas significativas para los productores. Monilinia fructicola reduce el rendimiento de los cultivos, disminuye la calidad de la fruta y provoca p&#xE9;rdidas econ&#xF3;micas para los agricultores y la industria frut&#xED;cola en general. Dado el impacto negativo en la producci&#xF3;n de frutas, es importante implementar medidas de control y manejo para prevenir y reducir la incidencia de Monilinia fructicola en los cultivos. En el presente trabajo se realizaron pruebas de efectividad de diferentes plaguicidas de origen biol&#xF3;gico que tiene como ingrediente activo extractos de diversas plantas que han demostrado tener efecto en enfermedades f&#xFA;ngicas en diversos cultivos. Los productos que fueron utilizados tuvieron como ingrediente activo (I.A.) extracto de Gobernadora al 95% (Larrea tridentata), aceite de &#xE1;rbol de T&#xE9; (Melaleuca alternifolia) (TTO) y extracto de c&#xED;trico al 10% (Citrus aurantium). El tratamiento con extracto de c&#xED;trico al 10% (Citrus aurantium) obtuvo el mejor efecto de control del crecimiento de Monilinia fructicola, con un menor crecimiento miceliar en relaci&#xF3;n con el testigo.</subfield>
  </datafield>
  <datafield tag="650" ind1=" " ind2="4">
    <subfield code="a">Pudrici&#xF3;n de la ra&#xED;z</subfield>
    <subfield code="x">Durazno</subfield>
    <subfield code="9">129659</subfield>
  </datafield>
  <datafield tag="650" ind1=" " ind2="4">
    <subfield code="a">Extractos vegetales como fungicida</subfield>
    <subfield code="9">129639</subfield>
  </datafield>
  <datafield tag="650" ind1=" " ind2="4">
    <subfield code="a">Fungicidas</subfield>
    <subfield code="x">Aplicaci&#xF3;n</subfield>
    <subfield code="9">126604</subfield>
  </datafield>
  <datafield tag="700" ind1="1" ind2=" ">
    <subfield code="a">Leyva Mir, Santos Gerardo</subfield>
    <subfield code="9">66581</subfield>
    <subfield code="e">Director de tesis.</subfield>
  </datafield>
  <datafield tag="700" ind1="1" ind2=" ">
    <subfield code="a">Nativitas Lima, Isabel</subfield>
    <subfield code="9">129577</subfield>
    <subfield code="e">Secretario.</subfield>
  </datafield>
  <datafield tag="700" ind1="1" ind2=" ">
    <subfield code="a">Camacho Tapia, Moises</subfield>
    <subfield code="9">17710</subfield>
    <subfield code="e">Vocal.</subfield>
  </datafield>
  <datafield tag="700" ind1="1" ind2=" ">
    <subfield code="a">Carrillo Fonseca, Calixto Leopoldo</subfield>
    <subfield code="9">19482</subfield>
    <subfield code="e">Suplente.</subfield>
  </datafield>
  <datafield tag="700" ind1="1" ind2=" ">
    <subfield code="a">Cuevas Ojeda, Juventino</subfield>
    <subfield code="9">30173</subfield>
    <subfield code="e">Suplente.</subfield>
  </datafield>
  <datafield tag="856" ind1=" " ind2=" ">
    <subfield code="u">http://10.13.5.2/tesis/tl/1612604-1_VIVANCO_CASTANEDA_LUISFELIPE.pdf</subfield>
    <subfield code="z">DESCARGAR PDF</subfield>
  </datafield>
  <datafield tag="942" ind1=" " ind2=" ">
    <subfield code="2">Clasificaci&#xF3;n Universidad Aut&#xF3;noma Chapingo</subfield>
    <subfield code="c">TD</subfield>
  </datafield>
  <datafield tag="999" ind1=" " ind2=" ">
    <subfield code="c">220490</subfield>
    <subfield code="d">220490</subfield>
  </datafield>
  <datafield tag="952" ind1=" " ind2=" ">
    <subfield code="0">0</subfield>
    <subfield code="1">0</subfield>
    <subfield code="2">local</subfield>
    <subfield code="4">0</subfield>
    <subfield code="5">1</subfield>
    <subfield code="7">0</subfield>
    <subfield code="8">TesDigL</subfield>
    <subfield code="a">BD</subfield>
    <subfield code="b">BD</subfield>
    <subfield code="c">E_L</subfield>
    <subfield code="d">2025-02-25</subfield>
    <subfield code="l">0</subfield>
    <subfield code="o">Tesis digital</subfield>
    <subfield code="r">2025-02-25 11:26:34</subfield>
    <subfield code="w">2025-02-25</subfield>
    <subfield code="y">TD</subfield>
  </datafield>
</record>
